Dynamický prístup k optimalizácii kapitálovej štruktúry podniku

Analýza možných dôvodov odchýliek od optimálnej štruktúry na základe teoretických modelov kapitálovej štruktúry podniku a možnosti jej optimalizácie, ako aj objasnenie dynamických empirických modelov a z nich vyplývajúce determinanty adjustačnej rýchlosti.

Guardado en:
Detalles Bibliográficos
Autor principal: Mikócziová, Jana
Formato: Capítulo de libro
Lenguaje:eslovaco
Materias:
Etiquetas: Agregar Etiqueta
Sin Etiquetas, Sea el primero en etiquetar este registro!

MARC

LEADER 00000naa a2200000 4500
001 0204688
005 20240502073422.7
041 0 |a slo 
044 |a SK 
245 1 0 |a Dynamický prístup k optimalizácii kapitálovej štruktúry podniku  |c Jana Mikócziová 
520 |a Analýza možných dôvodov odchýliek od optimálnej štruktúry na základe teoretických modelov kapitálovej štruktúry podniku a možnosti jej optimalizácie, ako aj objasnenie dynamických empirických modelov a z nich vyplývajúce determinanty adjustačnej rýchlosti. 
610 2 0 |a optimalizácia 
610 2 0 |a modely ekonometrické 
610 2 0 |a analýza empirická 
610 2 0 |a kapitál cudzí 
610 2 0 |a kapitál vlastný 
610 2 0 |a štruktúra podniku finančná 
610 2 0 |a štruktúra kapitálová 
100 1 |a Mikócziová, Jana